| 000 | 00504nam a2200133 a 4500 | ||
|---|---|---|---|
| 001 | 000045163 | ||
| 005 | 20201002045930.0 | ||
| 008 | 150205s1998 dr r 000 0 spa d | ||
| 040 |
_aDO-SdBNP _bspa _cBNPHU |
||
| 110 | 1 |
_aRepública Dominicana _bBanco Central de la República Dominicana _942873 |
|
| 245 | 1 | 0 | _aDirectorio industrial marco muestral de las encuestas de manufactura del Banco Central. |
| 260 |
_aSanto Domingo : _bBanco Central de la República Dominicana, _c1998. |
||
| 300 |
_a106 p. ; _c28 cm. |
||
| 999 |
_c44652 _d44652 |
||